000 00510nam a2200169Ia 4500
003 OSt
005 20201218124155.0
008 190216s9999||||xx |||||||||||||| ||und||
040 _coclc
082 _a894.8121
_bNAI/E
100 _aNair, Edasseri Govindan
_96933
245 0 _aEdasseriyude Nalu Kavithakal /
_cEdasseri Govindan Nair
260 _bUniversity Of Calicut,
_c1998.
_aCalicut:
300 _a55p
650 _aKavithkal
942 _cBK
_2ddc
_h894.8121
_iNAI/E
_k894.8121
_mNAI/E
999 _c27797
_d27797